01689nam a2200265 a 4500008004100000020001500041050001500056100002300071245002400094250001200118260004000130300002100170350000900191650003900200650001500239995015000254995015000404995016200554995016300716999001700879952013400896952013401030952012501164952013401289120416s1993 ||||||||||||||||| || u a0750616466 aQD 132 Moo aMoore, John Jeremy10aChemical metallurgy a2nd ed. aOxfordbButterworth-Heinemannc1993 axix, 435p. : ill a0.00 0aCHEMISTRY--HANDBOOKS, MANUALS, ETC aMETALLURGY aMAIN LIBRARY OPEN ACCESSD0.00e727544FCBU-MAIN LIBRARY (Kitwe)H2I21.00jQD 132 MooM2UAVAILABLEy025367ZMain Library Open Access Collection aMAIN LIBRARY OPEN ACCESSD0.00e727543FCBU-MAIN LIBRARY (Kitwe)H1I21.00jQD 132 MooM1UAVAILABLEy025355ZMain Library Open Access Collection aANNEX COLLECTION (Main Library)D0.00e730701FCBU-MAIN LIBRARY (Kitwe)H1I0.00jQD 132 MOOM4UAVAILABLEWJun 19, 2006y027340ZAnnex Low-Usage Collection  aMAIN LIBRARY OPEN ACCESSD0.00e730702FCBU-MAIN LIBRARY (Kitwe)H1I0.00jQD 132 MOOM3UAVAILABLEWApr 25, 2006y027342ZMain Library Open Access Collection c78179d78179 00102lcc4070a001b001cMain Library Open Access Collectiond2023-05-03l0oQD 132 Moop025367r2023-05-03t1w2023-05-03y002 00102lcc4070a001b001cMain Library Open Access Collectiond2023-05-03l0oQD 132 Moop025355r2023-05-03t2w2023-05-03y002 00102lcc4070a001b001cAnnex Low-Usage Collectiond2023-05-03l0oQD 132 Moop027340r2023-05-03t3w2023-05-03y002 00102lcc4070a001b001cMain Library Open Access Collectiond2023-05-03l0oQD 132 Moop027342r2023-05-03t4w2023-05-03y002